|
|
|
|
| LEADER |
00000nab a2200000uu 4500 |
| 001 |
vtls011511820 |
| 003 |
SK-MaSNL |
| 005 |
20260303181101.0 |
| 008 |
230704|1965 xo |||||||||||||||||slo| |
| 015 |
|
|
|a SNBRB
|
| 035 |
|
|
|a (urnnbn)urn:nbn:sk:snk:ar-001ap8
|
| 035 |
|
|
|a (uuid)0ffa1c42-50b6-4b39-8e87-b8673adcc2f4
|
| 035 |
|
|
|a urn:nbn:sk:snk-abe2ca
|
| 040 |
|
|
|a SNKBUCL
|b slo
|c SNKBUCL
|e AACR2
|
| 041 |
1 |
|
|a slo
|h rum
|
| 044 |
|
|
|a xo
|c SK
|
| 100 |
1 |
|
|a Popescu, Dumitru Radu,
|d 1935-2023
|4 aut
|9 223936
|
| 245 |
1 |
0 |
|a Mačka
|c D. R. Popescu; preložil Milan Resutík
|
| 655 |
|
7 |
|a rumunské poviedky
|2 SNKPH
|9 64148
|
| 700 |
1 |
|
|a Resutík, Milan,
|d 1941-
|4 trl
|9 107310
|
| 773 |
0 |
|
|t Slovenské pohľady
|g Roč. (81), č. 4 (1965), s. 108-111
|
| 850 |
|
|
|a Slovenská národná knižnica
|
| 852 |
|
|
|a Slovenská národná knižnica
|
| 954 |
|
|
|a beletria cudzojazyčná (svetová)
|2 lita
|
| 958 |
|
|
|a OND
|
| 958 |
|
|
|a EUIPO
|
| 958 |
|
|
|a article21
|
| 999 |
|
|
|c 2109021
|d 2110951
|